000
00253nam a22001217a 4500
008
170323b xxu||||| |||| 00| 0 eng d
041
_a
eng
080
_a
616.9
100
_a
8
101
_a
SHM
245
_a
VIROLOGY
_c
STRINGFELLOV.D.A
942
_2
udc
_c
BK
999
_c
8519
_d
8519